[Event "Challenge"]
[Site "http://www.queenalice.com/game.php?id=230674"]
[Date "2007.6.25"]
[Round "-"]
[White "jao"]
[Black "cirolo"]
[Result "0-1"]
[WhiteElo "1556"]
[BlackElo "1089"]

1. e3 e5 2. Be2 Nf6 3. d3 Bb4+ 4. Bd2 Bf8 5. Bc3 d6 6. d4 Ne4 7. dxe5 Qh4 8. g3
Qe7 9. Bf3 Ng5 10. exd6 cxd6 11. h4 Ne6 12. Bb4 Qc7 13. Nc3 a5 14. Nb5 Qc4 15.
Bxd6 Qxb5 16. Bc7 Bb4+ 17. c3 Na6 18. cxb4 Naxc7 19. Bg4 Qxb4+ 20. Qd2 Qxg4 21.
Nh3 O-O 22. Nf4 Qf3 23. Rf1 Rd8 24. Qe2 Qc6 25. f3 Qa4 26. Kf2 Ra6 27. Nh5 Rad6
28. b3 Qc6 29. Rfd1 Nd5 30. Rac1 Nc3 31. Qc2 Rxd1 32. g4 Rxc1 33. Qxc1 Nd1+ 34.
Kg3 Qxc1 35. f4 Qxe3+ 36. Kh2 Rd2+ 37. Kh1 Qh3+ 38. Kg1 Qg2# 0-1

[Event "Challenge"]
[Site "http://www.queenalice.com/game.php?id=230675"]
[Date "2007.6.25"]
[Round "-"]
[White "jao"]
[Black "carloscolangelo"]
[Result "1-0"]
[WhiteElo "1549"]
[BlackElo "1279"]

1. e3 e5 2. Be2 d5 3. d3 Bc5 4. Bd2 d4 5. exd4 Bxd4 6. c3 Bc5 7. b4 Bb6 8. a4
Qf6 9. Be3 Nh6 10. a5 Bxe3 11. fxe3 b5 12. Bf3 c6 13. d4 exd4 14. cxd4 Bf5 15.
d5 Qxa1 16. dxc6 Bxb1 17. c7 Qc3+ 18. Qd2 Qxc7 19. Bxa8 Nc6 20. Qc3 O-O 21. Bxc6
Rd8 22. Nf3 Rd3 23. Qe5 Qxc6 24. Qb8+ Rd8 25. Qxd8+ Qe8 26. Qxe8# 1-0

[Event "Challenge"]
[Site "http://www.queenalice.com/game.php?id=232057"]
[Date "2007.6.28"]
[Round "-"]
[White "jao"]
[Black "mrd"]
[Result "1-0"]
[WhiteElo "1472"]
[BlackElo "1128"]

1. e3 e6 2. Be2 c6 3. Bd3 h5 4. Be2 a5 5. Bxh5 Nf6 6. Bf3 b6 7. Qe2 a4 8. b3
axb3 9. cxb3 Ra5 10. d4 Nd5 11. Bh5 Qh4 12. g3 Qg5 13. g4 g6 14. f4 Qe7 15. Ba3
Rxa3 16. Nxa3 Qxa3 17. e4 Qa5+ 18. Qd2 Qa6 19. exd5 cxd5 20. Bxg6 fxg6 21. Nf3
Rh3 22. Ng5 Rh4 23. Qg2 Bg7 24. Qg3 Rh8 25. Rc1 Qa5+ 26. Qc3 Qa6 27. Qc7 Ke7 28.
Qxb8 Qa5+ 29. Kd1 Qa6 30. Qc7 Bxd4 31. Re1 Qxa2 32. Nxe6 Qxb3+ 33. Rc2 Rxh2 34.
Nxd4+ Kf7 35. Nxb3 Rh4 36. Qxc8 Rxg4 37. Qxd7+ Kf6 38. Qxg4 Kg7 39. Re7+ Kf8 40.
Rce2 b5 41. Re8+ Kg7 42. Qg5 d4 43. R8e7+ Kg8 44. Qxg6+ Kf8 45. Qe8# 1-0

[Event "Challenge"]
[Site "http://www.queenalice.com/game.php?id=232072"]
[Date "2007.6.28"]
[Round "-"]
[White "jao"]
[Black "carloscolangelo"]
[Result "0-1"]
[WhiteElo "1532"]
[BlackElo "1192"]

1. e3 e5 2. d4 d6 3. dxe5 dxe5 4. Qxd8+ Kxd8 5. Nc3 Bf5 6. e4 Bg6 7. Bc4 Nf6 8.
Nf3 Nxe4 9. Nxe5 Ke8 10. Nd5 Bd6 11. Bf4 c6 12. Ne3 Bxe5 13. Bxe5 Nf6 14. O-O-O
Na6 15. Rhe1 Ke7 16. f4 Rhd8 17. g4 h5 18. f5 Bh7 19. g5 Ng4 20. f6+ gxf6 21.
gxf6+ Nxf6 22. Nf5+ Bxf5 23. Bc7+ Kf8 24. Bxd8 b5 25. Be7+ Kg7 26. Bxf6+ Kxf6
27. Rd6+ Kg5 28. h4+ Kxh4 29. Rg1 bxc4 30. Rd4+ Kh3 31. Rh1+ Kg2 32. Rxh5 Bg6
33. Rg5+ Kf3 34. Rxc4 Re8 35. Rc3+ Kf4 36. Rg1 Nb4 37. Rf1+ Kg5 38. Rg3+ Kh6 39.
a3 Nxc2 40. b4 Ne3 41. Rh1+ Kg7 42. Rf3 Nd5 43. Kd2 Be4 44. Rg3+ Kf6 45. Rh6+
Kf5 46. Rh5+ Ke6 47. Rg1 Nf6 48. Rh6 Rd8+ 49. Ke3 Rd3+ 50. Ke2 Rxa3 51. Rf1 Bd3+
52. Kf2 Bxf1 53. Kxf1 Rb3 54. Kf2 Rxb4 55. Rh1 Ng4+ 56. Kg2 Ne3+ 57. Kf3 Ng4 58.
Re1+ Ne5+ 59. Ke3 Rb3+ 60. Kf4 a5 61. Rxe5+ Kd6 62. Rxa5 c5 63. Ke4 Rb4+ 64. Kd3
c4+ 65. Kc3 Rb1 66. Kxc4 Rf1 67. Rd5+ Ke6 68. Kd4 Rf4+ 69. Kc5 Rf5 70. Kd4 Rxd5+
71. Ke4 f5+ 72. Kf3 Ke5 73. Ke3 f4+ 74. Kf3 Rd3+ 75. Kg4 f3 76. Kg5 f2 77. Kg4
f1=Q 78. Kg5 Rg3+ 79. Kh4 Qh3# 0-1

[Event "Challenge"]
[Site "http://www.queenalice.com/game.php?id=235141"]
[Date "2007.7.5"]
[Round "-"]
[White "cirolo"]
[Black "jao"]
[Result "0-1"]
[WhiteElo "1207"]
[BlackElo "1497"]

1. e4 d6 2. Qh5 g6 3. Qf3 Bd7 4. Bc4 Be6 5. Bb5+ c6 6. Qc3 f6 7. Ba4 b5 8. Bb3
Bxb3 9. cxb3 Bg7 10. d4 Bh6 11. f4 e5 12. d5 Ne7 13. g3 cxd5 14. exd5 Nxd5 15.
Qd3 Ne7 16. Qd5 Nxd5 17. Nd2 Qd7 18. Ne4 Bg7 19. h4 Qc6 20. a4 Nc3 21. bxc3
Qxe4+ 22. Be3 Qxh1 23. axb5 exf4 24. gxf4 Qxh4+ 25. Bf2 Qxf4 26. Kf1 Qe5 27. Re1
Qxe1+ 28. Bxe1 h5 29. c4 Nd7 30. b4 Kf7 31. Nf3 Rae8 32. Bh4 Ne5 33. Ne1 Nxc4
34. Nf3 Ne3+ 35. Kf2 g5 36. Bg3 Re6 37. Nd2 Rhe8 38. Nf3 Nf5 39. Kg1 Re3 40. Kf2
g4 41. Nh4 Nxg3 42. Ng2 Nf5 43. Nxe3 Nxe3 44. Ke2 Nc2+ 45. Kd3 Nxb4+ 46. Kc4 Na2
47. b6 Rc8+ 48. Kb5 axb6 49. Kxb6 g3 50. Kb7 g2 51. Kxc8 g1=Q 52. Kd7 h4 53.
Kxd6 h3 54. Kd5 h2 55. Kc4 h1=Q 56. Kd3 f5 57. Kc4 f4 58. Kd3 f3 59. Kc4 f2 60.
Kd3 f1=Q+ 61. Kc2 Qhh3 0-1

[Event "Challenge"]
[Site "http://www.queenalice.com/game.php?id=241602"]
[Date "2007.7.18"]
[Round "-"]
[White "jao"]
[Black "cirolo"]
[Result "0-1"]
[WhiteElo "1502"]
[BlackElo "1224"]

1. e3 e5 2. Nc3 c6 3. d4 Bd6 4. Ne4 Bb4+ 5. c3 Qh4 6. Nd2 Qg5 7. h4 Qh6 8. cxb4
exd4 9. exd4 Qe6+ 10. Qe2 Nf6 11. Qe3 Ng4 12. Bc4 d5 13. Qxe6+ Bxe6 14. Bd3 O-O
15. Ndf3 g6 16. Ng5 Nd7 17. Bf4 Rae8 18. Bd6 Bf5+ 19. Kd2 Nxf2 20. Bxf5 gxf5 21.
Bxf8 Nxh1 22. Bh6 Nf6 23. N1f3 Ng3 24. Ne5 Nge4+ 25. Kc2 b6 26. Re1 c5 27. Nexf7
cxd4 28. Kd3 Nxg5 29. Rc1 Nxf7 30. Bf4 Re4 31. Rc8+ Kg7 32. g3 Ng4 33. Rc6 Nf2+
34. Kc2 Re2+ 35. Kb3 Nd3 36. Bb8 Rxb2+ 37. Ka3 Rxb4 38. Bxa7 Nfe5 39. Rd6 Nc4#
0-1

[Event "Challenge"]
[Site "http://www.queenalice.com/game.php?id=241603"]
[Date "2007.7.18"]
[Round "-"]
[White "jao"]
[Black "carloscolangelo"]
[Result "1-0"]
[WhiteElo "1483"]
[BlackElo "1294"]

1. e3 e5 2. Nc3 Nf6 3. Be2 d6 4. d3 g6 5. Bd2 h5 6. Bf3 Nc6 7. e4 Bg4 8. Be3 Nb4
9. Nb5 c6 10. Nxa7 d5 11. exd5 Nbxd5 12. Qe2 Nxe3 13. Qxe3 b6 14. Nxc6 Qc8 15.
Ne2 Nd7 16. h3 Bh6 17. Qe4 f5 18. Qd5 Nf6 19. Qxe5+ Kf7 20. Qe7+ Kg8 21. Qxf6
Bg7 22. Qd6 Bf8 23. Qxg6+ Bg7 24. Ne7+ Kf8 25. Nxc8 Rxc8 26. Qd6+ Ke8 27. Bc6+
Kf7 28. Nd4 Rhe8+ 29. Ne2 Rxe2+ 30. Kf1 Bf6 31. hxg4 Rd8 32. Bd5+ Kg6 33. gxh5+
Kh6 34. Qxf6+ Kh7 35. Qxd8 Rxc2 36. Qe7+ Kh6 37. Qf6+ Kh7 38. h6 Rxb2 39. Qg7#
1-0

[Event "Challenge"]
[Site "http://www.queenalice.com/game.php?id=241604"]
[Date "2007.7.18"]
[Round "-"]
[White "jao"]
[Black "carloscolangelo"]
[Result "1-0"]
[WhiteElo "1475"]
[BlackElo "1294"]

1. Nf3 Nc6 2. b3 e5 3. Bb2 Qf6 4. e4 Bc5 5. Be2 d6 6. h3 Nh6 7. Nc3 g5 8. Nd5
Qd8 9. d3 g4 10. Nd2 gxh3 11. gxh3 Qh4 12. Rf1 Ng4 13. Bxg4 Bxg4 14. Qxg4 Qh6
15. Nxc7+ Ke7 16. Nxa8 Rxa8 17. O-O-O Nb4 18. Kb1 d5 19. Bxe5 Bd6 20. Bxd6+ Qxd6
21. Rde1 Rc8 22. Qxc8 Qa6 23. Qc5+ Kd7 24. Qxb4 dxe4 25. Rxe4 Qc6 26. Rd4+ Ke6
27. Re1+ Kf5 28. Qa5+ b5 29. Qd8 Qf6 30. Rd5+ Kg6 31. Qg8+ Kh6 32. Qf8+ Kg6 33.
Rg1+ Qg5 34. Rgxg5+ Kf6 35. Qd8+ Ke6 36. Qd6# 1-0

[Event "Challenge"]
[Site "http://www.queenalice.com/game.php?id=253551"]
[Date "2007.8.9"]
[Round "-"]
[White "jao"]
[Black "cirolo"]
[Result "1-0"]
[WhiteElo "1499"]
[BlackElo "1219"]

1. d4 f5 2. e3 g6 3. b3 Bg7 4. Bb2 c6 5. Qc1 Nh6 6. Bc3 d6 7. Qb2 Bf6 8. b4 b5
9. Be2 d5 10. Bd2 O-O 11. Bf3 Re8 12. Ne2 e5 13. c3 e4 14. Bxe4 Rxe4 15. h3 Re7
16. Nc1 f4 17. Qa3 Bh4 18. O-O f3 19. g3 Bf6 20. Qa5 Qd6 21. e4 Bxh3 22. Re1 g5
23. Nb3 Nd7 24. e5 Bxe5 25. dxe5 Nxe5 26. Bxg5 Nd3 27. Rxe7 Nf7 28. Rxa7 Re8 29.
Qc7 Re1+ 30. Kh2 Nxf2 31. Qxf7+ 1-0

[Event "Challenge"]
[Site "http://www.queenalice.com/game.php?id=253552"]
[Date "2007.8.9"]
[Round "-"]
[White "jao"]
[Black "mrd"]
[Result "0-1"]
[WhiteElo "1499"]
[BlackElo "1123"]

1. d4 g6 2. e3 e6 3. Be2 h5 4. Bf3 c6 5. b3 Na6 6. Bb2 Nb4 7. a3 Nd5 8. Ne2 b6
9. a4 b5 10. c3 bxa4 11. c4 Nb4 12. d5 Ba6 13. dxc6 dxc6 14. Bxh8 Nd3+ 15. Kf1
f6 16. Be4 Nb4 17. Rxa4 Qxd1# 0-1

[Event "Challenge"]
[Site "http://www.queenalice.com/game.php?id=253599"]
[Date "2007.8.10"]
[Round "-"]
[White "jao"]
[Black "carloscolangelo"]
[Result "1-0"]
[WhiteElo "1491"]
[BlackElo "1302"]

1. d4 Nc6 2. e3 e5 3. Be2 Qh4 4. g3 Qe4 5. Bf3 Qg6 6. Bxc6 Qxc6 7. f3 e4 8. b3
exf3 9. Nxf3 d6 10. Bb2 Bg4 11. O-O Bh3 12. Rf2 g6 13. Ng5 Bh6 14. Nxf7 Bxe3 15.
d5 Qc5 16. Qe2 Ne7 17. Nxh8 Bd4 18. Bxd4 Qxd4 19. c3 Qxd5 20. Qf3 Qe6 21. Nd2
Kd7 22. Qe4 Rxh8 23. Qxe6+ Bxe6 24. Ne4 Bf5 25. Ng5 h6 26. Nf3 Rg8 27. Nd4 Rf8
28. Re1 Rg8 29. a4 c5 30. Nb5 a6 31. Na7 Ra8 32. Rfe2 Be6 33. Rxe6 Nd5 34. Rxg6
Rxa7 35. Rxh6 Nxc3 36. Rh7+ Kc6 37. Rh8 b5 38. a5 c4 39. Rc8+ Kd5 40. h4 cxb3
41. Rxc3 b2 42. Rb1 Kd4 43. Rc2 Ke4 44. Rcxb2 Rd7 45. Re2+ Kf3 46. Rg2 d5 47. h5
d4 48. h6 Rh7 49. Rh2 Kxg3 50. Rb3+ Kf4 51. Rf2+ Kg5 52. Rg3+ Kh4 53. Rgg2 Rxh6
54. Kf1 Rd6 55. Rg1 Kh3 56. Rf3+ Kh2 57. Rg5 d3 58. Rh5# 1-0

[Event "Challenge"]
[Site "http://www.queenalice.com/game.php?id=257112"]
[Date "2007.8.17"]
[Round "-"]
[White "jao"]
[Black "carloscolangelo"]
[Result "0-1"]
[WhiteElo "1504"]
[BlackElo "1334"]

1. e3 d5 2. Be2 Bf5 3. d3 c5 4. Nf3 c4 5. Nd4 Bg6 6. Bd2 Nh6 7. Bf3 cxd3 8. cxd3
Bxd3 9. Nc3 Nc6 10. Bxd5 e5 11. Bxc6+ bxc6 12. Nxc6 Qc8 13. Nxe5 Bd6 14. Nxd3
Qa6 15. Qe2 O-O 16. Ne5 Qxe2+ 17. Kxe2 Bxe5 18. Ne4 Bxb2 19. Rab1 Be5 20. Bb4
Rfd8 21. Be7 Rdc8 22. f4 Bb8 23. Rhd1 f5 24. Rdc1 Rxc1 25. Rxc1 fxe4 26. Rc8+
Kf7 27. Bc5 Nf5 28. Kd2 Ne7 29. Rd8 Nc6 30. Rc8 Ke6 31. Kc3 Kd7 32. Rg8 Kc7 33.
Rxg7+ Kc8 34. Rxh7 Bc7 35. Rh8+ Nd8 36. Kd4 Bb6 37. Kd5 Bxc5 38. Kxc5 Kb7 39. h4
Ne6+ 40. Kd6 Rxh8 41. Kxe6 Rxh4 42. g3 Rg4 43. Ke5 Rxg3 44. Kxe4 Kc7 45. f5 Kd7
46. Kf4 Rg7 47. e4 Ke7 48. e5 Rh7 49. f6+ Ke6 50. a3 Rh5 51. f7 Kxf7 52. a4 Ke6
53. a5 Rxe5 54. a6 Ra5 55. Ke4 Rxa6 56. Kf4 Ra4+ 57. Ke3 a5 58. Kf3 Ra1 59. Ke3
Kd5 60. Kf3 Kc4 61. Ke3 Kb3 62. Kf3 a4 63. Ke3 a3 64. Kf3 a2 65. Ke3 Re1+ 66.
Kf2 a1=Q 67. Kf3 Qd1+ 68. Kf4 Qe2 69. Kf5 Qf2+ 70. Kg6 Rg1+ 71. Kh6 Qh4# 0-1

[Event "Challenge"]
[Site "http://www.queenalice.com/game.php?id=260309"]
[Date "2007.8.23"]
[Round "-"]
[White "jao"]
[Black "mrd"]
[Result "0-1"]
[WhiteElo "1481"]
[BlackElo "1119"]

1. e3 c6 2. Be2 e6 3. Bf3 g6 4. b3 Bg7 5. c3 h5 6. Bb2 b6 7. Ne2 Nh6 8. Qc2 Na6
9. Na3 Bf6 10. d3 Nc5 11. d4 Nb7 12. Nc4 b5 13. Nd2 Nf5 14. a3 Nh4 15. Be4 Nd6
16. h3 Ndf5 17. a4 d5 18. Bd3 g5 19. axb5 g4 20. bxc6 gxh3 21. gxh3 Rg8 22. e4
Ng2+ 23. Kf1 Nge3+ 24. fxe3 Nxe3+ 25. Kf2 Nxc2 26. Bb5 Bh4+ 27. Ng3 Bxg3+ 28.
Ke2 Qf6 29. Rhf1 Qg5 30. Nf3 Qe3+ 31. Kd1 Nxa1 32. Bxa1 Rb8 33. Rg1 Qxf3+ 34.
Be2 Qf2 35. Rf1 Qh2 36. Bxh5 Rf8 37. Bf3 Rxb3 38. Kc1 Bf4+ 39. Kd1 Rb1# 0-1

[Event "Challenge"]
[Site "http://www.queenalice.com/game.php?id=266405"]
[Date "2007.9.3"]
[Round "-"]
[White "eduardofelix"]
[Black "jao"]
[Result "1-0"]
[WhiteElo "1659"]
[BlackElo "1481"]

1. e4 d6 2. h3 e6 3. Nf3 Be7 4. Bc4 Nc6 5. d3 Bd7 6. Ng5 Ne5 7. Bb3 Bf6 8. O-O
Bxg5 9. f4 Bxf4 10. Bxf4 h6 11. Qd2 g5 12. Bg3 Bb5 13. Qc3 f6 14. Bxe6 Qe7 15.
Qb3 Bd7 16. Bxd7+ Qxd7 17. Qxb7 Qd8 18. b3 h5 19. d4 Ng6 20. Nc3 Qb8 21. Qd5
N8e7 22. Qe6 Qb6 23. Bf2 Nf4 24. Qxf6 Rf8 25. Qxg5 Ne2+ 26. Nxe2 Qb4 27. Qxh5+
Kd7 28. Qh6 Rh8 29. Qf4 Kd8 30. Bh4 Rh7 31. Qg4 Qd2 32. Rf8# 1-0

[Event "Challenge"]
[Site "http://www.queenalice.com/game.php?id=267590"]
[Date "2007.9.6"]
[Round "-"]
[White "HarryPotter"]
[Black "jao"]
[Result "0-1"]
[WhiteElo "837"]
[BlackElo "1502"]

1. e4 d6 2. d4 Bd7 3. e5 e6 4. Nf3 Nc6 5. Bb5 Nce7 6. Bxd7+ Qxd7 7. O-O O-O-O 8.
Bf4 Ng6 9. Qd2 d5 10. Nc3 Bb4 11. h3 a6 0-1

[Event "Challenge"]
[Site "http://www.queenalice.com/game.php?id=270474"]
[Date "2007.9.12"]
[Round "-"]
[White "jao"]
[Black "carloscolangelo"]
[Result "1-0"]
[WhiteElo "1474"]
[BlackElo "1378"]

1. d3 e5 2. e3 Nf6 3. Be2 d5 4. Bd2 h5 5. Nf3 e4 6. dxe4 Nxe4 7. Bd3 Bg4 8. h3
Bxf3 9. gxf3 Nf6 10. Bc3 Nc6 11. f4 d4 12. exd4 Nxd4 13. Bd2 Qd5 14. Rf1 Nf3+
15. Ke2 b6 16. Nc3 Qe6+ 17. Kxf3 Bb4 18. Re1 Ne4 19. Rxe4 Qxe4+ 20. Bxe4 O-O 21.
Bxa8 Rxa8 22. Nd5 Bd6 23. Bb4 Bxb4 24. Nxb4 f6 25. Qd5+ Kf8 26. Qxa8+ Kf7 27.
Qxa7 Kg6 28. Qxc7 Kf5 29. Qxb6 g5 30. Qc5+ Ke6 31. Qd5+ Ke7 32. Re1+ Kf8 33. Qb7
g4+ 34. hxg4 hxg4+ 35. Kxg4 f5+ 36. Kxf5 Kg8 37. a4 Kf8 38. a5 Kg8 39. a6 Kf8
40. c4 Kg8 41. c5 Kf8 42. c6 Kg8 43. a7 Kf8 44. c7 Kg8 45. a8=Q+ Kh7 46. c8=Q+
Kh6 47. Ke4 Kh5 48. f5 Kh4 49. f6 Kh5 50. f7 Kg6 51. f8=Q Kg5 52. f4+ Kh5 53. f5
Kg5 54. f6 Kg6 55. Qba7 Kg5 56. Qca6 Kg4 57. f7 Kg3 58. Qfd6+ Kg2 59. f8=Q Kh3
60. Qfd8 Kg2 61. Qd6b8 Kh3 62. Qdb6 Kg2 63. Nd3 Kh3 64. b4 Kg2 65. Qg6+ Kh3 66.
Qh8# 1-0

[Event "Challenge"]
[Site "http://www.queenalice.com/game.php?id=271350"]
[Date "2007.9.13"]
[Round "-"]
[White "jao"]
[Black "mrd"]
[Result "0-1"]
[WhiteElo "1486"]
[BlackElo "1162"]

1. e3 e6 2. Be2 b6 3. Bf3 c6 4. a3 f5 5. b4 Qg5 6. d3 Qf6 7. c3 a5 8. bxa5 Rxa5
9. d4 Bd6 10. Bd2 g6 11. Qb3 Ra6 12. Be2 Qg5 13. g3 b5 14. e4 f4 15. e5 Be7 16.
gxf4 Qg2 17. Bf1 Qxh1 18. Nh3 Qe4+ 19. Be3 h5 20. a4 Nh6 21. Nd2 Qf5 22. c4 Ng4
23. cxb5 Ra8 24. bxc6 dxc6 25. Bg2 O-O 26. Qc3 Ba6 27. Bxc6 Bb4 28. Qxb4 Nxh2
29. Bxa8 Qg4 30. f3 Qxh3 31. O-O-O Rc8+ 32. Kb2 Nxf3 33. Nxf3 Qg2+ 34. Rd2 Qf1
35. Bb7 Qc1+ 36. Ka2 Bc4+ 37. Qb3 Bxb3+ 38. Kxb3 Qc3+ 39. Ka2 Qxe3 40. Bxc8 Qxf3
41. Rb2 Nc6 42. Bxe6+ Kf8 43. d5 Ne7 44. d6 Nc6 45. d7 Qxf4 46. Rb8+ Kg7 47. Rc8
Qxa4+ 48. Kb2 Qb5+ 49. Kc1 h4 50. Rxc6 Qxc6+ 51. Kb2 Qc7 52. Kb3 Kf8 53. Kb2 Ke7
54. Bg4 Qxe5+ 55. Kc2 Qe3 56. Kd1 h3 57. Bxh3 Qxh3 58. d8=Q+ Kxd8 59. Ke1 Qf3
60. Kd2 g5 61. Ke1 g4 62. Kd2 g3 63. Kc2 g2 64. Kd2 g1=Q 65. Kc2 Qgg2+ 66. Kc1
Qff1# 0-1

[Event "Challenge"]
[Site "http://www.queenalice.com/game.php?id=273157"]
[Date "2007.9.17"]
[Round "-"]
[White "jao"]
[Black "carloscolangelo"]
[Result "0-1"]
[WhiteElo "1504"]
[BlackElo "1287"]

1. e3 e5 2. Be2 Qf6 3. f3 Nh6 4. d3 d6 5. Bd2 g5 6. Bc3 g4 7. f4 exf4 8. Bxf6
Be7 9. Bxh8 Bf5 10. h3 gxh3 11. gxh3 fxe3 12. Qc1 Bh4+ 13. Kf1 Be6 14. Qxe3 Nf5
15. Qf3 Ng3+ 16. Kg2 c6 17. Rh2 Bd5 18. Qxd5 cxd5 19. Nf3 Nf5 20. Nxh4 Nxh4+ 21.
Kg3 Nf5+ 22. Kf4 Nd4 23. Bd1 Ndc6 24. Rg2 Ne7 25. Rg7 Ng6+ 26. Kf3 Nxh8 27. Rg8+
Ke7 28. Rxh8 Kf6 29. Nc3 d4 30. Nd5+ Ke6 31. Nf4+ Kd7 32. Kg2 f6 33. Rxh7+ Ke8
34. Bh5+ Kf8 35. Ne6+ Kg8 36. Rg7+ Kh8 37. Rf1 Nd7 38. Rxd7 Rg8+ 39. Kh2 Rb8 40.
Rg1 a5 41. a4 b6 42. Rgg7 b5 43. Rh7+ Kg8 44. Nc7 bxa4 45. Ne6 Rxb2 46. Bf7+
Kxh7 47. Bh5+ Kh6 48. Nf4 Kg5 0-1

[Event "Challenge"]
[Site "http://www.queenalice.com/game.php?id=274798"]
[Date "2007.9.21"]
[Round "-"]
[White "cirolo"]
[Black "jao"]
[Result "1-0"]
[WhiteElo "1323"]
[BlackElo "1479"]

1. e4 d6 2. b3 e5 3. Bc4 Be6 4. Bb5+ Nc6 5. c3 a6 6. Be2 b5 7. b4 Be7 8. d4 Nf6
9. d5 Nxe4 10. dxc6 d5 11. f3 Nd6 12. f4 f6 13. g4 g6 14. h4 h5 15. Qd3 e4 16.
Qd1 hxg4 17. Bxg4 f5 18. Qd4 Nf7 19. Nh3 Rxh4 20. Be2 1-0